| 000 | 00364 a2200169 4500 | ||
|---|---|---|---|
| 001 | 69477 | ||
| 020 | _a853220029X | ||
| 040 | _cAnchieta - Itaigara | ||
| 100 | _aKupstas, Marcia | ||
| 240 | 1 | 0 |
_aÉ preciso lutar! _lpor |
| 245 | 1 | 0 | _aÉ preciso lutar! |
| 300 | _a101 | ||
| 362 | 0 | _a1998 | |
| 440 | 1 | _aFTD | |
| 650 | 4 | _aLiteratura infanto-juvenil | |
| 942 | _cBK | ||
| 999 |
_c69477 _d69477 |
||